Sistema representativo y democracia semidirecta : (Registro nro. 3846)
[ vista simple ]
| 000 -LEADER | |
|---|---|
| fixed length control field | 01745nam a2200289Ia 4500 |
| 003 - CONTROL NUMBER IDENTIFIER | |
| control field | OSt |
| 005 - DATE AND TIME OF LATEST TRANSACTION | |
| control field | 20200407234553.0 |
| 008 - FIXED-LENGTH DATA ELEMENTS--GENERAL INFORMATION | |
| fixed length control field | 191128s2002 mx gr 100 0 spa d |
| 020 ## - INTERNATIONAL STANDARD BOOK NUMBER | |
| International Standard Book Number | 9703200044 |
| 040 ## - CATALOGING SOURCE | |
| Original cataloging agency | CO-JMCR |
| Transcribing agency | CO-JMCR |
| 041 0# - LANGUAGE CODE | |
| Language code of text/sound track or separate title | spa |
| 082 04 - DEWEY DECIMAL CLASSIFICATION NUMBER | |
| Classification number | 323.042 / |
| Item number | C744s |
| Edition number | 21 |
| 111 2# - MAIN ENTRY--MEETING NAME | |
| Meeting name or jurisdiction name as entry element | Congreso Iberoamericano de Derecho Constitucional |
| Number of part/section/meeting | (7o. : |
| Date of meeting or treaty signing | 2002 Feb. 12-15 : |
| Location of meeting | México) |
| 9 (RLIN) | 2751 |
| 245 10 - TITLE STATEMENT | |
| Title | Sistema representativo y democracia semidirecta : |
| Remainder of title | Memoria VII Congreso Iberoamericano de Derecho Constitucional / |
| Statement of responsibility, etc. | Hugo A. Concha Cantú, coordinador |
| 250 ## - EDITION STATEMENT | |
| Edition statement | Primera edición |
| 260 ## - PUBLICATION, DISTRIBUTION, ETC. | |
| Place of publication, distribution, etc. | México : |
| Name of publisher, distributor, etc. | Universidad Nacional Autónoma de México. Instituto de Investigaciones Jurídicas, |
| Date of publication, distribution, etc. | 2002 |
| 300 ## - PHYSICAL DESCRIPTION | |
| Extent | xv, 936 páginas ; |
| Dimensions | 22 cm. |
| 490 0# - SERIES STATEMENT | |
| Series statement | Doctrina jurídica ; |
| Volume/sequential designation | 100 |
| 505 0# - FORMATTED CONTENTS NOTE | |
| Formatted contents note | Antecedentes históricos de la representación semi-direta: democracia participativa -- Antecedentes históricos de la representación política en México -- El voto como derecho fundamental de base constitucional y configuración legal |
| 520 ## - SUMMARY, ETC. | |
| Summary, etc. | El desarrollo de las sociedades posindustriales se caracteriza por una falta de compatibilidad entre las crecientes demandas de la sociedad y la menguada capacidad de respuesta legislativa y administrativa por parte del Estado. |
| 650 14 - SUBJECT ADDED ENTRY--TOPICAL TERM | |
| Topical term or geographic name entry element | Cultura ciudadana |
| Form subdivision | Congresos, conferencias, etc. |
| Chronological subdivision | |
| Geographic subdivision | México |
| 9 (RLIN) | 2752 |
| 650 14 - SUBJECT ADDED ENTRY--TOPICAL TERM | |
| Topical term or geographic name entry element | Gobierno representativo |
| Form subdivision | Congresos, conferencias, etc. |
| Geographic subdivision | América Latina Derecho constitucional |
| 9 (RLIN) | 2753 |
| 650 14 - SUBJECT ADDED ENTRY--TOPICAL TERM | |
| Topical term or geographic name entry element | Gobierno representativo |
| Form subdivision | Congresos, conferencias, etc. |
| Geographic subdivision | América Latina |
| 9 (RLIN) | 2754 |
| 650 14 - SUBJECT ADDED ENTRY--TOPICAL TERM | |
| Topical term or geographic name entry element | Democracia |
| Form subdivision | Congresos, conferencias, etc. |
| Geographic subdivision | América Latina |
| 9 (RLIN) | 2755 |
| 700 1# - ADDED ENTRY--PERSONAL NAME | |
| Personal name | Concha Cantú, Hugo A., |
| Relator term | coordinador |
| 9 (RLIN) | 2756 |
| 942 ## - ADDED ENTRY ELEMENTS (KOHA) | |
| Source of classification or shelving scheme | Dewey Decimal Classification |
| Koha item type | Books |
| Withdrawn status | Lost status | Source of classification or shelving scheme | Damaged status | Not for loan | Collection code | Home library | Current library | Date acquired | Source of acquisition | Cost, normal purchase price | Total Checkouts | Full call number | Barcode | Date last seen | Copy number | Koha item type |
|---|---|---|---|---|---|---|---|---|---|---|---|---|---|---|---|---|
| Dewey Decimal Classification | Non-fiction | Biblioteca Pública José María del Castillo y Rada | Biblioteca Pública José María del Castillo y Rada | 04/15/2018 | Donación | 0.00 | 323.042 / C744s | 201808339 | 05/16/2024 | Ej.1 | Books |